Evaluación financiera de proyectos de inversión / (Registro nro. 8246)

Detalles MARC
000 -LEADER
fixed length control field 01497nam a2200253Ia 4500
003 - CONTROL NUMBER IDENTIFIER
control field OSt
005 - DATE AND TIME OF LATEST TRANSACTION
control field 20210805164812.0
008 - FIXED-LENGTH DATA ELEMENTS--GENERAL INFORMATION
fixed length control field 210310t1988 ck ad fr 000 0dspa d
020 ## - INTERNATIONAL STANDARD BOOK NUMBER
International Standard Book Number 9580404526
040 ## - CATALOGING SOURCE
Original cataloging agency CO-JMCR
Transcribing agency CO-JMCR
041 0# - LANGUAGE CODE
Language code of text/sound track or separate title spa
082 04 - DEWEY DECIMAL CLASSIFICATION NUMBER
Classification number 332.6 /
Item number I431e
Edition number 23
100 1# - MAIN ENTRY--PERSONAL NAME
Personal name Infante Villarreal, Arturo,
9 (RLIN) 16736
Relator term autor
245 10 - TITLE STATEMENT
Title Evaluación financiera de proyectos de inversión /
Statement of responsibility, etc. Arturo Infante Villarreal
250 ## - EDITION STATEMENT
Edition statement Primera edición
260 ## - PUBLICATION, DISTRIBUTION, ETC.
Place of publication, distribution, etc. Bogotá :
Name of publisher, distributor, etc. Norma,
Date of publication, distribution, etc. ©1988
300 ## - PHYSICAL DESCRIPTION
Extent 400 páginas :
Other physical details ilustraciones y gráficas a blanco y negro ;
Dimensions 24 cm.
500 ## - GENERAL NOTE
General note Incluye datos biográficos del autor.
504 ## - BIBLIOGRAPHY, ETC. NOTE
Bibliography, etc. note Bibliografía: páginas [398]-400
505 0# - FORMATTED CONTENTS NOTE
Formatted contents note El concepto de interés -- índices para medir la bondad financiera de un proyecto de inversión -- La rentabilidad -- El costo anual equivalente -- La relación beneficio-costo -- Ordenamiento preferencial de alternativas mutuamente excluyente -- Los costos que forman parte de un proyecto de inversión -- La contabilidad, la inflación y la devaluación -- El problema del costo de capital -- Las dificultades que origina a la escasez de capital -- La evaluación de proyectos cuando no hay certidumbre plena -- La evaluación de proyectos cuando se presentan decisiones secuenciales inciertas -- La evaluación económica y social de proyectos
650 14 - SUBJECT ADDED ENTRY--TOPICAL TERM
Topical term or geographic name entry element Inversiones
9 (RLIN) 16738
General subdivision Modelos matemáticos
650 24 - SUBJECT ADDED ENTRY--TOPICAL TERM
Topical term or geographic name entry element Costos de capital
General subdivision Modelos matemáticos
9 (RLIN) 39133
942 ## - ADDED ENTRY ELEMENTS (KOHA)
Source of classification or shelving scheme Dewey Decimal Classification
Koha item type Books
Existencias
Withdrawn status Lost status Source of classification or shelving scheme Damaged status Not for loan Collection code Home library Current library Date acquired Source of acquisition Full call number Barcode Date last seen Copy number Koha item type
    Dewey Decimal Classification     Non-fiction Biblioteca Pública José María del Castillo y Rada Biblioteca Pública José María del Castillo y Rada 04/15/2018 Donación 332.6 / I431e 430005049 05/16/2024 Ej.1 Books